Fotbaláci. (Záznam č. 34201)

Podrobnosti MARC
000 -Návěští
Řídící pole kódované 24B 02370nam a2200529 i 4500
001 - Kontrolní číslo
Řídící pole proměnné 5229131
003 - Identifikátor kontrolního čísla
Řídící pole proměnné CZ PrSKC
005 - Datum posledního zpracování
Řídící pole 16B 20260421135752.0
007 - Pole pevné délky pro fyzický popis
Řídící pole kódované ta
008 - Údaje pevné délky
Řídící pole kódované 40B 260410s2026 xr a b 6 000 1 cze
015 ## -
-- cnb003750836
020 ## - ISBN
ISBN 978-80-275-2788-5
-- (vázáno)
040 ## - Zdroj katalogizace-agentura
Agentura původní katalogizace ABG001
Jazyk katalogizace cze
Použitá pravidla popisu rda
041 1# - Kód jazyka
Kód jazyka textu/zvuku, mezititulků cze
Kód jazyka originálu spa
072 #7 - Kód předmětové kategorie - Konspekt
Předmětová kategorie 741.52
Zpřesnění předmětové kategorie Komiksy. Komiksové adaptace
Zdroj předmětové klasifikace Konspekt
-- 21
072 #7 - Kód předmětové kategorie - Konspekt
Předmětová kategorie 821-93
Zpřesnění předmětové kategorie Literatura pro děti a mládež (beletrie)
Zdroj předmětové klasifikace Konspekt
-- 26
080 ## - MDT
Klasifikační znak MDT 741.52(0:82-322.4)
Idetifikátor vydání MDT MRF
080 ## - MDT
Klasifikační znak MDT 821-93
Idetifikátor vydání MDT MRF
044 ## - Kód země vydání/výroby
Kód geografické oblasti/země xr
100 1# - Hlavní záhlaví - osobní jméno autora
Osobní jméno Santiago, Roberto,
Datumy související se jménem 1968-
-- xx0181146
Kód role aut
9 (RLIN) 6679
240 10 - Unifikovaný název
Unifikovaný název <a href="Misterio de la noche más corta.">Misterio de la noche más corta.</a>
Jazyk díla Česky
245 10 - Údaje o názvu
Název Fotbaláci.
Název části/sekce díla Záhada nejkratší noci v roce /
Údaj o odpovědností, atd. Roberto Santiago ; přeložila Romana Bičíková ; ilustrace Carlos Lluch
246 30 - Variantní vázvy
Hlavní název/zkrácený název Záhada nejkratší noci v roce
250 ## - Údaje o vydání
Označení vydání První vydání
264 #1 - Nakladatelské údaje
Místo vydání Brno :
Nakladatel Host,
Rok vydání 2026
300 ## - Fyzický popis
Rozsah 60 nečíslovaných stran :
další fyzické údaje barevné ilustrace ;
Rozměry 27 cm
336 ## -
-- text
-- txt
-- rdacontent
336 ## -
-- statický obraz
-- sti
-- rdacontent
337 ## -
-- bez média
-- n
-- rdamedia
338 ## -
-- svazek
-- nc
-- rdacarrier
500 ## - Všeobecná poznámka
Text obecné poznámky Přeloženo ze španělštiny
500 ## - Všeobecná poznámka
Text obecné poznámky Na hřbetu označení: 3
520 2# - Anotace
Anotace, atd. Další díl komiksové série pro fanoušky stejnojmenné detektivní série.
Rozšířený text anotace Blíží se svatojánská noc a hráči Soto Alta se chystají na důležitý zápas. Nastoupí proti nim obávaný tým z horské vesnice Vrčounov. A jako vždy jde o hodně! Jenže se děje něco podivného. Soto Alto dává góly příliš snadno a vypadá to, že soupeř snad prohrává úmyslně. Ale proč by chtěli soupeři utkání vzdát? Nakladatelská anotace.
521 8# -
-- Pro čtenáře od 7 let
655 #7 - Rejstříkový termín - žánr/forma
Žánr/forma či základní termín detektivní komiksy
-- fd1057469
-- czenas
-- 12699
655 #7 - Rejstříkový termín - žánr/forma
Žánr/forma či základní termín publikace pro děti
-- fd133156
-- czenas
655 #9 - Rejstříkový termín - žánr/forma
Žánr/forma či základní termín detective comics
-- eczenas
-- 12700
655 #9 - Rejstříkový termín - žánr/forma
Žánr/forma či základní termín children's literature
-- eczenas
700 1# - Vedlejší záhlaví - osobní jméno autora
Osobní jméno Bičíková, Romana,
Datumy související se jménem 1986-
-- xx0161614
Kód role trl
9 (RLIN) 14169
700 1# - Vedlejší záhlaví - osobní jméno autora
Osobní jméno Lluch, Carlos,
Datumy související se jménem 1983-
-- xx0312395
Kód role ill
9 (RLIN) 20685
710 2# - Vedlejší záhlaví - jméno korporativního autora
Jméno korporace nebo jurisdikce Host (vydavatelství)
-- ko2003163544
Kód role pbl
9 (RLIN) 20686
787 08 -
-- Z cyklu:
-- Fotbaláci (komiks)
-- 3
900 ## -
-- ABG001
-- 19
998 ## - Místní kontrolní číslo (RLIN)
-- 010827774
910 ## - Údaje o vlastníkovi jednotky (exempláře)
Sigla vlastníka jednotky ABG508
993 ## - pracovní čísla
-- 241.00
-- 369.00
-- Team Business
-- 2026-04-21
-- 1076096
Jednotky
Stav ztráty Zdroj klasifikace pro skladování Stav poškození
  Universal Decimal Classification  

Používáme knihovní systém Koha